000 004460000a22001810004500
003 MACL
005 20150919174148.0
008 150919b xxu||||| |||| 00| 0 eng d
040 _aMACL
_cMACL
041 _aEnglish
082 _a825/MAT
100 _aMathur, Prof Agam Prasad
_912189
245 _aDetals of Love
260 _bPragun Publication
_c2009
_aNew Delhi
350 _a1200
650 _aSpeeches
_912190
942 _cBK
_k825/MAT
_2ddc
999 _c41336
_d41336